000 00231nam a22000977a 4500
999 _c519844
_d519844
082 _aTNC A6x5444 D28
100 _aDeshpande, Anirudh
_931070
245 _aThe stigma of defeat
260 _aNew Delhi
_bNehru Memorial
300 _a44p.